Test Bank to Accompany an Introduction to Management Science Quantitative Approaches to Decision Making

Guardado en:
Detalles Bibliográficos
Autor principal: Anderson, David R.
Otros Autores: Sweeney, Dennis J., Williams, Thomas A.
Formato: Libro
Lenguaje:inglés
Publicado: St. Paul West Publ. Co. 1988
Edición:5. ed.
Materias:
Etiquetas: Agregar Etiqueta
Sin Etiquetas, Sea el primero en etiquetar este registro!

MARC

LEADER 00000nam a2200000 4500
001 c009652
005 20221206134610.2
020 |a 0-314-65230-2 
041 0 |a eng 
044 |a US 
245 1 0 |a Test Bank to Accompany an Introduction to Management Science  |b Quantitative Approaches to Decision Making  |c David R. Anderson, Dennis J. Sweeney, Thomas A. Williams 
250 |a 5. ed. 
264 1 |a St. Paul  |b West Publ. Co.  |c 1988 
300 |a 216 s. 
610 2 0 |a manažment 
610 2 0 |a veda o riadení 
610 2 0 |a programovanie lineárne 
610 2 0 |a rozhodovanie 
610 2 0 |a procesy rozhodovacie 
610 2 0 |a procesy Markovove 
610 2 0 |a testy 
100 1 |a Anderson, David R. 
700 1 |a Sweeney, Dennis J. 
700 1 |a Williams, Thomas A.